Cementation in dental implantology : (Record no. 23519)

MARC details
000 -LEADER
fixed length control field 00753cam a22002295a 4500
001 - CONTROL NUMBER
control field 18382528
005 - DATE AND TIME OF LATEST TRANSACTION
control field 20161208114619.0
008 - FIXED-LENGTH DATA ELEMENTS--GENERAL INFORMATION
fixed length control field 141121t2015 gw a frb 001 0 eng d
020 ## - INTERNATIONAL STANDARD BOOK NUMBER
International Standard Book Number 9783642551628
040 ## - CATALOGING SOURCE
Original cataloging agency DLC
Language of cataloging eng
Transcribing agency DLC
Modifying agency EG-ScBUE
082 04 - DEWEY DECIMAL CLASSIFICATION NUMBER
Edition number 22
Classification number 617.693
Item number CEM
245 00 - TITLE STATEMENT
Title Cementation in dental implantology :
Remainder of title an evidence-based guide /
Statement of responsibility, etc editor Chandur Wadhwani.
260 ## - PUBLICATION, DISTRIBUTION, ETC. (IMPRINT)
Place of publication, distribution, etc Heidelberg :
Name of publisher, distributor, etc Springer,
Date of publication, distribution, etc c.2015.
300 ## - PHYSICAL DESCRIPTION
Extent xii, 202 p. :
Other physical details ill. ;
Dimensions 24 cm.
500 ## - GENERAL NOTE
General note Index : p. 199-202.
504 ## - BIBLIOGRAPHY, ETC. NOTE
Bibliography, etc Includes bibliographical references.
650 #7 - SUBJECT ADDED ENTRY--TOPICAL TERM
Source of heading or term BUEsh
9 (RLIN) 35980
Topical term or geographic name as entry element Dental implants.
650 #7 - SUBJECT ADDED ENTRY--TOPICAL TERM
Source of heading or term BUEsh
Topical term or geographic name as entry element Dental implants
General subdivision Complications.
653 ## - INDEX TERM--UNCONTROLLED
Resource For college
Arrived date list December2016
700 1# - ADDED ENTRY--PERSONAL NAME
Personal name Wadhwani, Chandur,
Relator term editor.
942 ## - ADDED ENTRY ELEMENTS (KOHA)
Source of classification or shelving scheme Dewey Decimal Classification
Holdings
Withdrawn status Item status Source of classification or shelving scheme Damaged status Not for loan Vendor Home library Current library Shelving location Date acquired Source of acquisition Cost, normal purchase price Total Checkouts Full call number Barcode Date last seen Cost, replacement price Koha item type
    Dewey Decimal Classification     Alahram Central Library Central Library First floor 08/12/2016 Purchase 1128.00   617.693 CEM 000040309 15/07/2025 1410.00 Book - Borrowing